Normal view MARC view
  • Motivation (Psychology)

Entry Topical Term

Number of records used in: 2

001 - CONTROL NUMBER

  • control field: 9310

003 - CONTROL NUMBER IDENTIFIER

  • control field: OSt

005 - DATE AND TIME OF LATEST TRANSACTION

  • control field: 20211108090551.0

008 - FIXED-LENGTH DATA ELEMENTS

  • fixed length control field: 211108|| aca||aabn | a|a d

040 ## - CATALOGING SOURCE

  • Original cataloging agency: OSt
  • Transcribing agency: OSt

150 ## - HEADING--TOPICAL TERM

  • Topical term or geographic name entry element: Motivation (Psychology)
  • General subdivision: Religious aspects
  • General subdivision: Islam

670 ## - SOURCE DATA FOUND

  • Source citation: Work cat.: (OSt): Bonda Nor 1977 9306, Be Strong :
Pusat Sumber Maklumat Dato' Haji Sarmin Md Hussin, Akademi Kastam Diraja Malaysia, Melaka
Tel: 06-2331106 | Faks: 06-2313787